000 00827nam a2200241Ia 4500
003 OSt
005 20220923221931.0
006 a|||||r|||| 00| 0
007 ta
008 220922b |||||||| |||| 00| 0 hin d
024 _a201,228
037 _cTextual
040 _aARTS
_cARTS
_bhin
041 _2hin
_ahin
082 _aV2:25xM95:1, K5
100 _aविनोबा
245 0 _aजीवन और शिक्षण
_b युवकोपयोगी लेखो तथा भाषणों का संग्रह
246 _aJīvan aur shikṣhaṇa: yuvakopayogī lekho tathā bhāṣhaṇoan kā sangraha
260 _c1977
490 _aसत्साहित्य प्रकाशन
942 _hV2:25xM95:1, K5
_cTEXL
_2CC
999 _c352881
_d352881